Child abuse : a growing menace / (Record no. 120)

MARC details
000 -LEADER
fixed length control field 00705nam a2200229 4500
003 - CONTROL NUMBER IDENTIFIER
control field OSt
005 - DATE AND TIME OF LATEST TRANSACTION
control field 20240605010200.0
008 - FIXED-LENGTH DATA ELEMENTS--GENERAL INFORMATION
fixed length control field 240604b |||||||| |||| 00| 0 eng d
020 ## - INTERNATIONAL STANDARD BOOK NUMBER
International Standard Book Number 9719264444
040 ## - CATALOGING SOURCE
Original cataloging agency DWCL-Main lib.
Transcribing agency OC
082 ## - DEWEY DECIMAL CLASSIFICATION NUMBER
Classification number Fil. 362.76 An581c 2006
006 - FIXED-LENGTH DATA ELEMENTS--ADDITIONAL MATERIAL CHARACTERISTICS
fixed length control field a
100 ## - MAIN ENTRY--PERSONAL NAME
Personal name Ang, Armando
245 ## - TITLE STATEMENT
Title Child abuse : a growing menace /
260 ## - PUBLICATION, DISTRIBUTION, ETC.
Place of publication, distribution, etc. Manila :
Name of publisher, distributor, etc. Armando Ang,
Date of publication, distribution, etc. c2006.
300 ## - PHYSICAL DESCRIPTION
Other physical details 448 pages ;
Dimensions 23 cm.
504 ## - BIBLIOGRAPHY, ETC. NOTE
Bibliography, etc. note Includes the text of: Special Protection of Children against<br/>Child Abuse, Exploitation and Discrimination Act.<br/>
650 ## - SUBJECT ADDED ENTRY--TOPICAL TERM
Topical term or geographic name entry element 1. Child abuse–Philippines.
650 ## - SUBJECT ADDED ENTRY--TOPICAL TERM
Topical term or geographic name entry element 2. Child abuse.
700 ## - ADDED ENTRY--PERSONAL NAME
Personal name Armando Ang
942 ## - ADDED ENTRY ELEMENTS (KOHA)
Source of classification or shelving scheme Dewey Decimal Classification
Suppress in OPAC No
Koha item type Book-Filipiniana
Call number prefix Fil.
Holdings
Withdrawn status Lost status Source of classification or shelving scheme Damaged status Not for loan Home library Current library Date acquired Source of acquisition Total Checkouts Full call number Barcode Date last seen Copy number Price effective from Koha item type Uniform Resource Identifier Shelving location
    Dewey Decimal Classification     College Library College Library 01/06/2014 School Fund   Fil. 362.76 An581c 2006 50525 06/04/2024 c2 06/04/2024 Book-Filipiniana  
    Dewey Decimal Classification     College Library College Library 09/12/2008 Donation   Fil. 362.76 An581c 2006 46170 06/04/2024 c1 06/04/2024 Book-Filipiniana  
    Dewey Decimal Classification     College Library College Library 01/06/2014 School Fund   Fil. 362.76 An581c 2006 50496 06/05/2024 c3 06/04/2024 Book-Filipiniana Filipiniana